000 00311nam a22001337a 4500
008 181105b xxu||||| |||| 00| 0 eng d
020 _a9781133941692
041 _aeng
080 _24th
_a371
100 _a46
101 _aEDU
245 _aFrom Master Student to Master Employee
_cToft,D
942 _2udc
_cBK
999 _c51791
_d51791